00443nam a2200169Ia 450000500170000000800410001704000190005804100120007708200180008910000150010724500500012226000360017230000140020865000220022270000180024485000110026220240423143903.0131103s9999 xx 000 0 und d aLoreto College aEnglish a370.954 bVAK aVakil, K.S aEducation in IndiacK.S.Vakil and S.Natarajan aLondonbAllied publishersc1966 axi,216p.  aEducation - India aNatarajan, S. aLCBED